Templo al aire / (Record no. 179166)

MARC details
000 -LEADER
campo de control de longitud fija 00865nam a2200229 i 4500
001 - NÚMERO DE CONTROL
campo de control 179166
003 - IDENTIFICADOR DE NÚMERO DE CONTROL
campo de control ES-MaACL
005 - FECHA Y HORA DE LA ÚLTIMA TRANSACCIÓN
campo de control 20231222063111.0
008 - DATOS DE LONGITUD FIJA--INFORMACIÓN GENERAL
campo de control de longitud fija 110921s2010 sp |||| | spa d
020 ## - NÚMERO INTERNACIONAL ESTÁNDAR DEL LIBRO
Número Internacional Estándar del Libro 978-84-96624-58-0
080 ## - NÚMERO DE LA CLASIFICACIÓN DECIMAL UNIVERSAL
Número de la Clasificación Decimal Universal 821.134.2-14"19"
100 1# - ENTRADA PRINCIPAL--NOMBRE DE PERSONA
Nombre de persona Torrego Díaz, Felisa,
Fechas asociadas al nombre 1955-
9 (RLIN) 142375
245 10 - MENCIÓN DEL TÍTULO
Título Templo al aire /
Mención de responsabilidad, etc. Felisa Torrego Díaz.
260 ## - PUBLICACIÓN, DISTRIBUCIÓN, ETC.
Lugar de publicación, distribución, etc. Valencia :
Nombre del editor, distribuidor, etc. Instituto de Estudios Modernistas,
Fecha de publicación, distribución, etc. [2010]
300 ## - DESCRIPCIÓN FÍSICA
Extensión 83 p. ;
Dimensiones 20 cm.
490 1# - MENCIÓN DE SERIE
Mención de serie La torre de papel. Poesía ;
Designación de volumen o secuencia 91
830 0# - PUNTO DE ACCESO ADICIONAL DE SERIE-TÍTULO UNIFORME
Título uniforme La torre de papel. Poesía ;
Designación de volumen o secuencia 91
9 (RLIN) 224420
852 ## - LOCALIZACIÓN
Ubicación ES-MaACL
Número de control de estantería 2306-F-7
Nota libre . - Dedicatoria autógrafa de la autora
852 ## - LOCALIZACIÓN
Ubicación ES-MaACL
itemnumber 179166
Número de control de estantería A-11549
Nota libre Dedicatoria autógrafa de la autora
Encuadernación Donación: Felisa Torrego Díaz
Sublocalización o colección R.146797
Ubicación en estantería Depósito 1
Signatura antigua Olim: N-4553
942 ## - ELEMENTOS DE ENTRADA SECUNDARIOS (KOHA)
Fuente del sistema de clasificación o colocación Clasificación decimal universal
Tipo de ítem Koha Libro impreso
Holdings
Estatus retirado Estado de pérdida Fuente del sistema de clasificación o colocación Estado de daño No para préstamo Biblioteca de origen Biblioteca actual Ubicación en estantería Fecha de adquisición Fuente de adquisición Total de préstamos Signatura topográfica completa Código de barras Visto por última vez Precio de reemplazo Tipo de ítem Koha Nota pública Colección
    Clasificación decimal universal     Biblioteca del Ateneo de Madrid Biblioteca del Ateneo de Madrid Depósito 1 10/11/2011 Donación   A-11549 1188431 23/02/2023 23/02/2023 Libro impreso Dedicatoria autógrafa de la autora  
          Biblioteca del Ateneo de Madrid Biblioteca del Ateneo de Madrid Depósito folletos 21/09/2011     2306-F-7 1188206 23/02/2023 23/02/2023 Folleto   Colección de folletos